| 000 | 00765nam a2200265Ia 4500 | ||
|---|---|---|---|
| 001 | 2070 | ||
| 003 | BD-DhEWU | ||
| 005 | 20140818153410.0 | ||
| 008 | 110604s1999 us g 000 0 eng d | ||
| 020 | _a9211124409 | ||
| 035 | _a(OCoLC) | ||
| 040 |
_aBD-DhEWU _dBD-DhEWU _beng _cBD-DhEWU |
||
| 041 | _aENG | ||
| 082 | 0 | 4 |
_a332.624 _bWOR 1999 |
| 110 |
_aUnited Nations,, _917547 |
||
| 245 | 1 | 0 |
_aWorld investment report 1999 : _bforeign direct investment and the challenge of development |
| 260 |
_aNew York : _bUnited Nations, _c1999. |
||
| 300 |
_axxxiv, 541 p. : _bill ; _c30 cm. |
||
| 526 | _aEconomics | ||
| 590 | _aTahur Ahmed | ||
| 653 | 1 | _aEconomics | |
| 653 | 1 | _aInvestments Foreign investment Economic development | |
| 942 |
_cREF _2ddc |
||
| 953 | _a0 | ||
| 999 |
_c2070 _d2070 |
||